Statistics for Most Common First Five Letters of Countries

Click here to take the quiz!

General Stats

  • This quiz has been taken 741 times
  • The average score is 21 of 27

Answer Stats

Country% Correct
AU{STR}
99%
Australia
92%
NI{GER}
92%
Austria
91%
Niger
88%
Nigeria
87%
UN{ITE}
86%
DO{MIN}
83%
GU{INE}
82%
United States
82%
United Kingdom
81%
SO{UTH}
80%
Dominica
79%
Dominican Republic
78%
Guinea
78%
United Arab Emirates
77%
South Korea
75%
Guinea-Bissau
74%
South Sudan
74%
South Africa
73%
MA{URI}
69%
Mauritania
67%
Mauritius
66%
SA{INT}
62%
Saint Kitts and Nevis
59%
Saint Lucia
59%
Saint Vincent and the Grenadines
58%

Score Distribution

Percentile by Number Answered

Percent of People with Each Score

Your Score History

You have not taken this quiz